Strategy synthesis : resolving strategy paradoxes to create competitive advantage (Record no. 182054)

MARC details
000 -LEADER
fixed length control field 00462nam a2200145Ia 4500
008 - FIXED-LENGTH DATA ELEMENTS--GENERAL INFORMATION
fixed length control field 231217s9999 xx 000 0 und d
041 ## - LANGUAGE CODE
Language code of text/sound track or separate title English
082 ## - DEWEY DECIMAL CLASSIFICATION NUMBER
Classification number 658.4012 WIT;1 R
100 ## - MAIN ENTRY--PERSONAL NAME
Personal name Dewit, Bob. Meyer, Ron.
245 #0 - TITLE STATEMENT
Title Strategy synthesis : resolving strategy paradoxes to create competitive advantage
260 ## - PUBLICATION, DISTRIBUTION, ETC.
Date of publication, distribution, etc. 2005
Name of publisher, distributor, etc. Thomson
Place of publication, distribution, etc. Australia
300 ## - PHYSICAL DESCRIPTION
Extent xx, 469
650 ## - SUBJECT ADDED ENTRY--TOPICAL TERM
Topical term or geographic name entry element Strategy,resolving,strategy,paradoxes,create,advantage
942 ## - ADDED ENTRY ELEMENTS (KOHA)
Koha item type Books
Holdings
Date last seen Total checkouts Full call number Accession number Price effective from Category Lost status Damaged status Department Withdrawn status Home library Current library Shelving location Entry date Vendor Grants Billdate Currency symbol Conversion rate Discount Old discount
26/01/2024   658.4012 WIT;1 R 52169 26/01/2024 Books     Central Library   Central Library Central Library Central Library 13/01/2009 Publisher DONATED 17/02/2012 RS 1    

© For any Suggestions or Query, please contact the library staff @ librarian@pes.edu or Phone: +9180 2672 1983/ 2108.